| 000 | 01341nam a22002417a 4500 | ||
|---|---|---|---|
| 999 |
_c59862 _d59862 |
||
| 003 | Ge_BSU | ||
| 005 | 20230501170529.0 | ||
| 008 | 230501s2005 ge ||||| |||| 00| 0 geo d | ||
| 020 | _a15120716 | ||
| 041 | _ageo | ||
| 080 | _a069.02(479.223) ბ-17 | ||
| 245 |
_aბათუმის არქეოლოგიური მუზეუმი : _bშრომები=Activities=Труды. ტ.3 / _cმთავარი რედ. ამირან კახიძე; რედ. მ. ვიკერსი, მ. ხალვაში, თ. ლომთათიძე და სხვ. |
||
| 264 |
_aბათუმი, _c2005. |
||
| 300 |
_a92 გვ.: _bსურ. ; _c29 სმ. |
||
| 500 | _aეძღვნება მუზეუმის დაარსებიდან 10 წლისათვის | ||
| 504 | _aბიბლიოგრ. თავების ბოლოს | ||
| 653 | _aარქეოლოგია | ||
| 700 |
_aკახიძე, ამირან _eმთავარი რედაქტორი _917893 |
||
| 700 |
_aვიკერსი, მ _eრედაქტორი _96723 |
||
| 700 |
_aხალვაში, მ. _eრედაქტორი _96749 |
||
| 700 |
_aლომთათიძე, თ. და სხვ _eრედაქტორი _917892 |
||
| 942 |
_2udc _cBK |
||